000 00928nam a22002657a 4500
005 20220906120011.0
008 220906b2014 ii ||||| |||| 00| j hin d
020 _a9788121619707
_cRs. 150.00
_qPbk
040 _aNLI
_bhin
_cHindi Division
041 0 _ahin
044 _aii
082 0 4 _223rd ed.
_a891.433
_bB 933 sbk
100 1 _6880-01
_aबेदी, सुषम
245 1 0 _6880-02
_aसुषम बेदी की यादगार कहानियाँ
_c/ सुषम बेदी
260 _aनई दिल्ली :
_bहिन्द पॉकेट बुक्स ,
_c2014.
300 _a175p.;
_c22 cm.
600 1 0 _aBedi, Susham
_9996006
650 0 _aHindi stories
_91226701
700 1 _6880-03
852 _aBB
880 1 _6100-01
_aBēdī, Suṣama
880 1 _6245-02
_aSuṣama bēdī kī yādagāra kahāṇīyaṃ
_c/ Suṣama Bēdī
887 _aChandra
942 _2ddc
_cBKS
999 _c1551939
_d1551939